E. Husserl: la filosofía como ciencia rigurosa

Guardat en:
Dades bibliogràfiques
Autor principal: Freitas, Joao S. Pereira de (Autor)
Format: Llibre
Idioma:espanyol
Publicat: Madrid E.M.E.S.A 1980
Col·lecció:Crítica Filosófica
Matèries:
Etiquetes: Afegir etiqueta
Sense etiquetes, Sigues el primer a etiquetar aquest registre!

MARC

LEADER 00000nam a2200000 a 4500
001 UCZ4257
003 CL-VaPUC
005 20240820103258.0
008 951106e19800000SP |||||||||||||||||spa|d
999 |c 240672  |d 240670 
040 |c Pontificia Universidad Católica de Valparaíso 
082 0 4 |a 142.7  |b FRE  |2 21 
100 0 |a Freitas, Joao S. Pereira de  |e author  |9 348231 
245 1 0 |a E. Husserl: la filosofía como ciencia rigurosa 
260 |a Madrid  |b E.M.E.S.A  |c 1980 
300 |a 150 p 
490 0 |a Crítica Filosófica 
583 |a last modification  |c 19951106 00:00:00  |k Rodrigo Vera 
600 |a Husserl, Edmund   |d 1859-1938  |9 575718 
650 0 |a Fenomenología  |9 256519 
650 0 |a Filosofía alemana   |9 265002 
650 0 |a Escuelas filosóficas   |9 266232 
852 |a BIBCUR 
942 |c BK  |2 ddc 
945 |d 19951106 00:00:00  |a cmena 
952 |0 0  |1 0  |4 0  |6 142_700000000000000_FRE_1980  |7 0  |8 A  |9 252657  |a BIBEDU  |b BIBEDU  |d 2019-11-18  |i 1594532  |o 142.7 FRE 1980  |p 1594532  |r 2019-11-18  |w 2019-11-18  |y BK  |k FIL